Céhek és vallásos társulatok Csongrádon a 18-19. században

Elmentve itt :
Bibliográfiai részletek
Szerző: Gyöngyössy Orsolya
Dokumentumtípus: Könyv része
Megjelent: 2010
Sorozat:Szegedi vallási néprajzi könyvtár 26
Olvasó : tanulmányok a 60 esztendős Barna Gábor tiszteletére 26
Kulcsszavak:Vallási egyesületek - céhek vallási élete - Csongrád város - 19. sz., Népi vallásosság, Vallási néprajz
Tárgyszavak:
Online Access:http://acta.bibl.u-szeged.hu/72734
LEADER 01028naa a2200253 i 4500
001 acta72734
005 20220202143828.0
008 210503s2010 hu o 0|| hun d
020 |a 978 963 88914 2 6 
022 |a 1419-1288 
040 |a SZTE Egyetemi Kiadványok Repozitórium  |b hun 
041 |a hun 
100 1 |a Gyöngyössy Orsolya 
245 1 0 |a Céhek és vallásos társulatok Csongrádon a 18-19. században  |h [elektronikus dokumentum] /  |c  Gyöngyössy Orsolya 
260 |c 2010 
300 |a 429-438 
490 0 |a Szegedi vallási néprajzi könyvtár  |v 26 
490 0 |a Olvasó : tanulmányok a 60 esztendős Barna Gábor tiszteletére  |v 26 
650 4 |a Társadalomtudományok 
650 4 |a Szociológia 
650 4 |a Bölcsészettudományok 
650 4 |a Történettudomány és régészet 
695 |a Vallási egyesületek - céhek vallási élete - Csongrád város - 19. sz., Népi vallásosság, Vallási néprajz 
856 4 0 |u http://acta.bibl.u-szeged.hu/72734/1/szegedi_vallasi_026_429-438.pdf  |z Dokumentum-elérés